000 00498nam a2200157 i 4500
001 25694
003 ES-MaACL
005 20230906153321.0
007 t|
008 030102s1906 sp ||||1| spa d
100 1 _aAristegui Vidaurre, Vicente.
_922852
245 1 0 _aCausas del aborto y tratamiento de sus complicaciones /
_cpor Vicente Aristegui Vidaurre.
260 _aMadrid :
_b[s.n.,
_c1906] (
_fEst. Tip. Hijos de J. A. GarcĂ­a)
502 _aTesis doctoral.
852 _aES-MaACL
_jT-1133-F-12
999 _c25694
_d25694